00682 2200217 4500001002100000005001700021008004100038035002400079082001100103090002100114100004600135245010700181250001100288260004700299300001900346650004700365850001500412980001500427985000600442999001600448YOGYA-0209000004183720090227025818.0 ind  0010-020900000041837 a342.05 a342.05bInd PlR aINDONESIA. Majelis Permusyawaratan Rakyat aPutusan Majelis Permusyawaratan Rakyat RIbsidang tahunan Majelis Permusyawaratan Rakyat RI tahun 2002 aCet. 1 aJakartabSekretariat Jenderal MPR RIc2002 a122 hlmc24 cm aMajelis Permusyawaratan Rakyat - Ketetapan aYOPDYOG(B) a26-06-2007 a1 a07A00225645